Statistiques concernant Culture Générale - Série 1923

Cliquez ici pour prendre le quiz!

Statistiques générales

  • Ce quiz a été pris 82 fois
  • Le résultat moyen est 5 sur 10

Statistiques - réponses

QuestionRéponse% Correct
Mourir (manière élégante de parler de la mort sans la nommer) : tirer sa ....révérence
92%
Quelle est la capitale de l'Estonie ?Tallinn
80%
Quel était l'ancien nom de la Thaïlande ?Siam
72%
Quel ancien champion de ski prénommé Luc s'est reconverti dans le sport automobile ?Alphand
53%
Quel synonyme d'évanouissement rime avec toison ?pâmoison
52%
Dans quel département se trouve Gergovie où Vercingétorix battit Jules César ?Puy de Dôme
41%
Dans quel département français se trouve la ville de Nantua ?Ain
39%
Pratique divinatoire consistant à interpréter les lignes et les autres signes de la paume de la mainchiromancie
34%
Sous quel nom connaissait-on mieux José Garcia Moreno (1940-2000) ?Garcimore
8%
Quel poisson marin est appelé "brochet de mer" ?spet
3%

Distribution des résultats

Percentile par nombre de réponses

% des personnes avec chaque résultat

Votre développement - résultats

Vous n’avez pas pris ce quiz